Kinesiology : Scientific basis of human motion

This introductory text provides undergraduate students with the basics of anatomy, physiology, and the applications of kinesiology. It uses a qualitative approach with an easy-to-follow writing style. Theory is balanced with many sport and real-world applications to promote the integrated nature of...

Descripció completa

Guardat en:
Dades bibliogràfiques
Autor principal: Hamilton, Nancy
Format: Llibre
Idioma:Undetermined
Publicat: Boston McGraw-Hill Higher Education 2008
Matèries:
Etiquetes: Afegir etiqueta
Sense etiquetes, Sigues el primer a etiquetar aquest registre!
Thư viện lưu trữ: Trung tâm Học liệu Trường Đại học Cần Thơ
LEADER 00976nam a2200217Ia 4500
001 CTU_152346
008 210402s9999 xx 000 0 und d
020 |c 71.12 
082 |a 612.76 
082 |b H217 
100 |a Hamilton, Nancy 
245 0 |a Kinesiology : 
245 0 |b Scientific basis of human motion 
245 0 |c Nancy Hamilton, Wendi Weimar, Kathryn Luttgens 
260 |a Boston 
260 |b McGraw-Hill Higher Education 
260 |c 2008 
520 |a This introductory text provides undergraduate students with the basics of anatomy, physiology, and the applications of kinesiology. It uses a qualitative approach with an easy-to-follow writing style. Theory is balanced with many sport and real-world applications to promote the integrated nature of kinesiology, including the anatomical and biomechanical concepts. 
650 |a Kinesiology,Hệ cơ xương 
904 |i Hương Sen 
980 |a Trung tâm Học liệu Trường Đại học Cần Thơ